Souverains du Saint Empire Romain Germanique - Statistiques

Statistiques générales
  • Ce quiz a été pris 117 fois
  • Le résultat moyen est 24 sur 37
Statistiques - réponses
Maisons Règne Empereur % Correct
Luxembourg/Wittelsbach 1346 - 1378 Charles IV
89%
Habsbourg 1519 - 1558 Charles V
89%
Habsbourg 1711 - 1740 Charles VI
89%
Wittelsbach 1742 - 1745 Charles VII
89%
Ottonienne 962 - 973 Otton Ier
84%
Ottonienne 967 - 983 Otton II
84%
Ottonienne 996 - 1002 Otton III
84%
Welf 1209 - 1215 Otton IV
84%
Lorraine 1745 - 1765 François Ier
80%
Habsbourg Lorraine 1792 - 1806 François II
80%
Hohenstaufen 1155 - 1190 Frédéric Ier
79%
Hohenstaufen 1215 - 1250 Frédéric II
79%
Habsbourg 1452 - 1493 Frédéric III
79%
Ottonienne 1014 - 1024 Henri II
73%
Franconienne 1046 - 1056 Henri III
73%
Franconienne 1084 - 1105 Henri IV
73%
Franconienne 1111 - 1125 Henri V
73%
Hohenstaufen 1191 - 1197 Henri VI
73%
Luxembourg/Wittelsbach 1312 - 1313 Henri VIII
73%
Luxembourg/Wittelsbach 1323 - 1347 Louis IV
70%
Habsbourg 1556 - 1564 Ferdinand Ier
65%
Habsbourg 1619 - 1637 Ferdinand II
65%
Habsbourg 1637 - 1657 Ferdinand III
65%
Habsbourg 1508 - 1519 Maximilien Ier
60%
Habsbourg 1564 - 1576 Maximilien II
60%
Habsbourg 1705 - 1711 Joseph Ier
57%
Habsbourg Lorraine 1765 - 1790 Joseph II
57%
Habsbourg 1273 - 1291 Rodolphe Ier
46%
Habsbourg 1576 - 1612 Rodolphe II
46%
Habsbourg 1658 - 1705 Léopold Ier
43%
Habsbourg Lorraine 1790 - 1792 Léopold II
43%
Habsbourg 1298 - 1308 Albert Ier
36%
Franconienne 1027 - 1039 Conrad II
36%
Hohenstaufen 1138 - 1152 Conrad III
36%
Supplimbourg 1133 - 1137 Lothaire III
34%
Luxembourg/Wittelsbach 1411 - 1437 Sigismond Ier
29%
Habsbourg 1612 - 1619 Matthias Ier
25%
Aucun quiz correspondant
Distribution des résultats
% des personnes avec chaque résultat
Percentile par nombre de réponses
Votre historique - résultats
Vous n’avez pas pris ce quiz